Statistics for AQA A Level Biology - Biological Molecules Quick Questions

Click here to take the quiz!

General Stats

  • This quiz has been taken 1,315 times
    (1,314 since last reset)
  • The average score is 7 of 11

Answer Stats

HintAnswer% Correct
Bond formed when 2 monosaccharides joinGlycosidic
81%
The two isomers of glucoseAlpha and Beta
78%
Term used when an enzyme is no longer effectiveDenatured
75%
Bond formed in proteinsPeptide
73%
Number of structures in a protein4
70%
Bond formed in triglyceridesEster
70%
Test for reducing sugarsBenedict's Test
66%
Test for proteinsBiuret
61%
Test for lipidsEmulsion
58%
2 main groups of lipidsPhospholipids and triglycerides
36%
2 models for protein actionInduced fit and Lock and Key
21%

Score Distribution

Percentile by Number Answered

Percent of People with Each Score

Your Score History

You have not taken this quiz since the last reset